Malaysia food business directory 2008/ 2009.
| Format: | Book |
|---|---|
| Published: |
Shah Alam:
Marshall Cavendish,
2008.
|
| Subjects: |
| LEADER | 00468cam a2200145 7i4500 | ||
|---|---|---|---|
| 001 | 0000021564 | ||
| 005 | 20080813090000.0 | ||
| 090 | 0 | 0 | |a P 641.3025 |b MAL |
| 245 | 0 | 0 | |a Malaysia food business directory 2008/ 2009. |
| 260 | 0 | 0 | |a Shah Alam: |b Marshall Cavendish, |c 2008. |
| 300 | # | # | |a 204 p. |
| 650 | 0 | 0 | |a Food -- |x Directories -- |z Malaysia |
| 650 | 0 | 0 | |a Beverages -- |x Directories -- |z Malaysia |
| 651 | 0 | 0 | |a Malaysia |
| 999 | |a 0000022647 |b Directories |c Products |e Business Information Centre | ||